000 00334nam a22001337a 4500
008 170712b xxu||||| |||| 00| 0 eng d
020 _a06083400193
041 _aeng
080 _23 ED
_a038
100 _a26
101 _aFJA
245 _aSTEDMANS CONCISE MEDICAL DICTIONARY FOR THE HEALTH
_cDIRCK.J.H
942 _2udc
_cBK
999 _c20308
_d20308